• 首页
  • 本馆介绍
  • 公告通知
  • 最新文献
  • 馆藏检索
  • 电子资源
  • 读者导购
  • 参考咨询
  • 我的图书馆
  • 登录
  • 详细信息显示
  • 放入我的书架
  • 预约/预借图书
  • 作者相关作品
  • 分类相关作品
  • 丛书相关作品
  • 出版社相关作品

书目信息

  • 表格格式
  • 工作单格式
  • 卡片格式
题名:
系统优化与故障排除从新手到高手
    
 
作者: 刘志强 , 刘艳松 , 张荣华 编著
分册:  
出版信息: 北京   中国铁道出版社  2009.03
页数: 400页
开本: 26cm
丛书名:
单 册:
中图分类: TP306 , TP302
科图分类:
主题词: 电子计算机--系统性能--最佳化 , 最佳化 , 电子计算机--故障修复--基本知识 , 系统性能 , 故障修复 , 电子计算机
电子资源:
ISBN: 978-7-113-09840-7
000 01242nam0 2200361 450
001 004156757
005 20090608155658.0
010    @a978-7-113-09840-7@dCNY49.00
090    @aTP3@blys
096    @aTP3@blys
100    @a20090521d2009 em y0chiy50 ea
101 0  @achi
102    @aCN@b110000
105    @ay z 000yy
200 1  @a系统优化与故障排除从新手到高手@b专著@f刘艳松,张荣华,刘志强编著@9xi tong you hua yu gu zhang pai chu cong xin shou dao gao shou
210    @a北京@c中国铁道出版社@d2009.03
215    @a400页@d26cm@e1光盘
307    @a附光盘:ISBN 978-7-89459-060-2
330    @a本书介绍了系统安装、优化及故障排除的知识和经验,主要内容包括操作系统安装前的准备、Windows XP系统的安装、Windows Vista系统的安装、多系统的安装、重装系统、系统优化、计算机病毒杀防与安全等内容。
606 0  @a电子计算机@x系统性能@x最佳化
606 0  @a最佳化
606 0  @a电子计算机@x故障修复@x基本知识
606 0  @a系统性能
606 0  @a故障修复
606 0  @a电子计算机
690    @aTP306@v5
690    @aTP302@v4
701  0 @a刘志强@4编著@9liu zhi qiang
701  0 @a刘艳松@4编著@9liu yan song
701  0 @a张荣华@4编著@9zhang rong hua
905    @aBZT@dTP302@e3
906    @dCNY49.00@n0@r1
SYS    @004156757
    
    系统优化与故障排除从新手到高手/刘艳松,张荣华,刘志强编著.-北京:中国铁道出版社,2009.03
    400页;26cm+1光盘
    
    
    ISBN 978-7-113-09840-7:CNY49.00
    本书介绍了系统安装、优化及故障排除的知识和经验,主要内容包括操作系统安装前的准备、Windows XP系统的安装、Windows Vista系统的安装、多系统的安装、重装系统、系统优化、计算机病毒杀防与安全等内容。
●
相关链接 在五车中查询图书 在当当中查询图书 在豆瓣中查询图书


正题名:系统优化与故障排除从新手到高手     索取号:TP302/3         预约/预借

序号 登录号 条形码 馆藏地/架位号 状态 备注
1 755262   2000755262   样本书库/样004架A面2层1列/ [索取号:TP302/3] 在馆    
2 755263   2000755263   中心书库中库/ 中库028架B面8列4层29/ [索取号:TP302/3] 在馆    
3 755264   2000755264   中心书库中库/ 中库028架B面8列4层28/ [索取号:TP302/3] 在馆    
4 755265   2000755265   中心书库中库/ 中库028架B面8列4层26/ [索取号:TP302/3] 在馆    
5 755266   2000755266   中心书库中库/ 中库028架B面8列4层11/ [索取号:TP302/3] 在馆    
6 755267   2000755267   中心书库中库/ 中库028架B面8列4层27/ [索取号:TP302/3] 在馆    
山东省滨州职业学院图书馆 欢迎您!
大连网信软件有限公司© 版权所有